| 000 | 01074 a2200229 4500 | ||
|---|---|---|---|
| 001 | 44310 | ||
| 005 | 20260407155721.0 | ||
| 008 | 260407a1959 arg spa d | ||
| 003 | AR-UNSa-BCEJYS | ||
| 040 |
_aAR-UNSa-BCEJYS _bspa _cAR-UNSa-BCEJYS |
||
| 080 |
_a330 _xEconomía en general |
||
| 245 | 1 | 0 | _aIntroducción a la Economía |
| 264 | 1 |
_aMéxico : _bUnión Tipográfica Editorial Hispano-Americana (UTEHA) _c1959 |
|
| 300 |
_axii, 801 p. _c23 cm. |
||
| 505 | _a1. Conceptos fundamentales - 2. La economía de mercado bajo pura competencia - 3. La economía de mercado en condiciones de competencia imperfecta - 4. La banca y la circulación monetaria - 5. Fluctuaciones económicas - 6. Empresas y trabajadores - 7. Agricultura - 8. Seguridad social - 9. Las relaciones económicas de los Estados Unidos con el extranjero - 10. Política fiscal - 11. Otros sistemas económicos. - | ||
| 041 | _aspa | ||
| 942 | _cBK | ||
| 590 | _aniveau_biblio:m niveau_hierar:0 | ||
| 100 | 1 | _aGaos, Angel | |
| 700 | 1 | _aRogge, Benjamín A. | |
| 700 | 1 | _aVan Sickle, John Valentine | |
| 999 |
_c3782 _d3782 |
||